<?xml version="1.0" encoding="UTF-8"?><?xml-stylesheet type="text/xsl" href="static/style.xsl"?><OAI-PMH xmlns="http://www.openarchives.org/OAI/2.0/" xmlns:xsi="http://www.w3.org/2001/XMLSchema-instance" xsi:schemaLocation="http://www.openarchives.org/OAI/2.0/ http://www.openarchives.org/OAI/2.0/OAI-PMH.xsd"><responseDate>2026-04-17T20:44:50Z</responseDate><request verb="GetRecord" identifier="oai:riubu.ubu.es:10259/11377" metadataPrefix="marc">https://riubu.ubu.es/oai/request</request><GetRecord><record><header><identifier>oai:riubu.ubu.es:10259/11377</identifier><datestamp>2026-02-18T01:05:43Z</datestamp><setSpec>com_10259_5822</setSpec><setSpec>com_10259_5086</setSpec><setSpec>com_10259_2604</setSpec><setSpec>col_10259_5823</setSpec></header><metadata><record xmlns="http://www.loc.gov/MARC21/slim" xmlns:doc="http://www.lyncode.com/xoai" xmlns:xsi="http://www.w3.org/2001/XMLSchema-instance" xmlns:dcterms="http://purl.org/dc/terms/" xsi:schemaLocation="http://www.loc.gov/MARC21/slim http://www.loc.gov/standards/marcxml/schema/MARC21slim.xsd">
<leader>00925njm 22002777a 4500</leader>
<datafield tag="042" ind1=" " ind2=" ">
<subfield code="a">dc</subfield>
</datafield>
<datafield tag="720" ind1=" " ind2=" ">
<subfield code="a">Ventosa Arbaizar, Edgar</subfield>
<subfield code="e">author</subfield>
</datafield>
<datafield tag="720" ind1=" " ind2=" ">
<subfield code="a">Madej, Edyta</subfield>
<subfield code="e">author</subfield>
</datafield>
<datafield tag="720" ind1=" " ind2=" ">
<subfield code="a">Zampardi, Giorgia</subfield>
<subfield code="e">author</subfield>
</datafield>
<datafield tag="720" ind1=" " ind2=" ">
<subfield code="a">Mei, Bastian</subfield>
<subfield code="e">author</subfield>
</datafield>
<datafield tag="720" ind1=" " ind2=" ">
<subfield code="a">Weide, Philipp</subfield>
<subfield code="e">author</subfield>
</datafield>
<datafield tag="720" ind1=" " ind2=" ">
<subfield code="a">Antoni, Hendrik</subfield>
<subfield code="e">author</subfield>
</datafield>
<datafield tag="720" ind1=" " ind2=" ">
<subfield code="a">La Mantia, Fabio</subfield>
<subfield code="e">author</subfield>
</datafield>
<datafield tag="720" ind1=" " ind2=" ">
<subfield code="a">Muhler, Martin</subfield>
<subfield code="e">author</subfield>
</datafield>
<datafield tag="720" ind1=" " ind2=" ">
<subfield code="a">Schuhmann, Wolfgang</subfield>
<subfield code="e">author</subfield>
</datafield>
<datafield tag="260" ind1=" " ind2=" ">
<subfield code="c">2016-12</subfield>
</datafield>
<datafield tag="520" ind1=" " ind2=" ">
<subfield code="a">The high (de)lithiation potential of TiO2 (ca. 1.7 V vs Li/Li+ in 1 M Li+) decreases the voltage and, thus, the energy density of a corresponding Li-ion battery. On the other hand, it offers several advantages such as the (de)lithiation potential far from lithium deposition or absence of a solid electrolyte interphase (SEI). The latter is currently under controversial debate as several studies reported the presence of a SEI when operating TiO2 electrodes at potentials above 1.0 V vs Li/Li+. We investigate the formation of a SEI at anatase TiO2 electrodes by means of X-ray photoemission spectroscopy (XPS) and scanning electrochemical microscopy (SECM). The investigations were performed in different potential ranges, namely, during storage (without external polarization), between 3.0–2.0 V and 3.0–1.0 V vs Li/Li+, respectively. No SEI is formed when a completely dried and residues-free TiO2 electrode is cycled between 3.0 and 2.0 V vs Li/Li+. A SEI is detected by XPS in the case of samples stored for 6 weeks or cycled between 3.0 and 1.0 V vs Li/Li+. With use of SECM, it is verified that this SEI does not possess the electrically insulating character as expected for a “classic” SEI. Therefore, we propose the term apparent SEI for TiO2 electrodes to differentiate it from the protecting and effective SEI formed at graphite electrodes.</subfield>
</datafield>
<datafield tag="024" ind2=" " ind1="8">
<subfield code="a">1944-8244</subfield>
</datafield>
<datafield tag="024" ind2=" " ind1="8">
<subfield code="a">https://hdl.handle.net/10259/11377</subfield>
</datafield>
<datafield tag="024" ind2=" " ind1="8">
<subfield code="a">10.1021/acsami.6b13306</subfield>
</datafield>
<datafield tag="024" ind2=" " ind1="8">
<subfield code="a">1944-8252</subfield>
</datafield>
<datafield ind1=" " ind2=" " tag="653">
<subfield code="a">Li-on batteries</subfield>
</datafield>
<datafield ind1=" " ind2=" " tag="653">
<subfield code="a">Solid electrolyte interphase</subfield>
</datafield>
<datafield ind1=" " ind2=" " tag="653">
<subfield code="a">X-ray photoemission</subfield>
</datafield>
<datafield ind1=" " ind2=" " tag="653">
<subfield code="a">Scanning electrochemical microscopy</subfield>
</datafield>
<datafield ind1=" " ind2=" " tag="653">
<subfield code="a">Titanium dioxide</subfield>
</datafield>
<datafield tag="245" ind1="0" ind2="0">
<subfield code="a">Solid Electrolyte Interphase (SEI) at TiO2 Electrodes in Li-Ion Batteries: Defining Apparent and Effective SEI Based on Evidence from X-ray Photoemission Spectroscopy and Scanning Electrochemical Microscopy</subfield>
</datafield>
</record></metadata></record></GetRecord></OAI-PMH>